00778nam a2200193 i 450000100060000000300090000600500170001500700030003200800410003510000270007624501580010326001150026130000490037665100370042570000440046271000370050685200200054385200210056364325ES-MaACL20260219165328.0t|031223s1949 sp ||||1| spa d1 aFlores Morales, Angel.10aÁfrica a través del pensamiento español : b(de Isabel la Católica a Franco) / cÁngel Flores Morales ; prólogo de José Díaz de Villegas. aMadrid : bConsejo Superior de Investigaciones Científicas, Instituto de Estudios Africanos, c1949 (fAres) a235 p., [12] h. de lám. : bil. ; c24 cm. 7aEspaña-xColonias-zÁfrica21 aDíaz de Villegas, José, d1894-19682 aInstituto de Estudios Africanos. aES-MaACLjA-181 aES-MaACLjD-7308